000 01681cam a22003011i 4500
003 SA-RiAUC
005 20241016080430.0
008 241015s2010 le g 00000 ara c
040 _aSA-JeALM
_bara
_cSA-RiAUC
_erda
082 0 4 _a258.2
_qSA-RiAUC
090 _a258.2
_bم ي ا
100 1 _aميارة، محمد بن أحمد بن محمد،
_d999-1072 هجري
_eمؤلف.
245 1 2 _aالروض المبهج بشرح بستان فكر المهج في تكميل المنهج /
_cتأليف محمد بن أحمد ميارة الفارسي ؛يليه المسائل الفقهية / ابن القداح عمر علي الهواري المالكي ؛ تحقيق محمد حسن محمد حسن إسماعيل.
246 3 0 _a المسائل الفقهية
264 1 _aبيروت :
_bدار الكتب العلمية،
_c2010
300 _a408 صفحة ؛
_c24 سم
336 _aنص
_btxt
_2rdacontent
_3كتاب
337 _aبدون وسيط
_bn
_2rdamedia
338 _aمجلد
_bnc
_2rdacarrier
650 7 _aالفقه المالكي
_2aucsh
700 1 _aإسماعيل, محمد حسن محمد حسن.
_eمحقق.
700 1 2 _aميارة، محمد بن أحمد بن محمد،
_d999-1072 هجري.
_tبستان فكر المهج في تكميل المنهج.
700 1 2 _aالهواري المالكي, ابن القداح عمر علي.
_dتوفي 734 هجري.
_eمؤلف
_tالمنهج المنتخب على قواعد المذهب.
740 0 2 _aبستان فكر المهج في تكميل المنهج.
740 2 2 _aالمنهج المنتخب على قواعد المذهب.
942 _2ddc
_cBOOK
_n0
949 _aSA-JeALM
_d241015
_umohamedma123
_n1
999 _c1399
_d1399